| 000 | 00657na a2200241 4500 | ||
|---|---|---|---|
| 001 | 15912 | ||
| 003 | MIRAKIL | ||
| 005 | 20181213155203.0 | ||
| 008 | 161009b tu 000 0 | ||
| 035 | _a15912 | ||
| 040 |
_aMilas _btur _cTR-AnCHP |
||
| 041 | _atur | ||
| 082 |
_a320.9561 _bK91b 1996 |
||
| 090 | _a320.9561 K91b 1996 | ||
| 100 | _aKüçük, Yalçın | ||
| 245 |
_aBakış _cYalçın Küçük |
||
| 260 |
_aİstanbul _bAkış yayıncılık _c1996 |
||
| 300 |
_a118 s. _c19 sm. |
||
| 600 |
_aKüçük, Yalçın _xBasın açıklamaları |
||
| 651 |
_aTürkiye _xDemokratik Sol |
||
| 651 |
_aTürkiye _xSiyaset ve yönetim |
||
| 942 |
_2ddc _cBKS |
||
| 999 |
_c8187 _d8187 |
||